| 000 | 00623cam a2200205ua 4500 | ||
|---|---|---|---|
| 020 | _cRs 180.00 | ||
| 041 |
_aeng _h |
||
| 082 |
_a011.34 _bKUM/RE |
||
| 100 | _aKumar, R P . | ||
| 245 |
_aResearch periodicals of colonial India 1780-1947, Vol 2 / _cR P Kumar. _hTextual Documents |
||
| 250 |
_a1 / _b. |
||
| 260 |
_aJodhpur : _bAcademic Press , _c1985. |
||
| 300 |
_a230 ; _eCD ROM. |
||
| 365 | _aRs 180.00 | ||
| 440 | 0 |
_aAcademi series in Library and Information Science, _v _x; |
|
| 490 | 0 |
_aAcademi series in Library and Information Science, _v _x; |
|
| 504 | _a | ||
| 942 | _cBK | ||
| 999 |
_c5576 _d5576 |
||